| 000 | 00373nam a2200157Ia 4500 | ||
|---|---|---|---|
| 008 | 221030s9999 xx 000 0 und d | ||
| 020 | _a0074637517 | ||
| 041 | _aEnglish | ||
| 082 |
_a105.23 _bMoh |
||
| 100 | _aMohan Krishna | ||
| 245 | 0 | _aEffective English Communication | |
| 260 |
_bMcGraw-Hill Pub. _aNew Delhi _c0 |
||
| 300 | _a328 | ||
| 650 | _aEnglish | ||
| 942 | _cBK | ||
| 999 |
_c7393 _d7393 |
||